| 000 | 01775nam0a22003371 4500 | ||
|---|---|---|---|
| 001 | rc\3727356 | ||
| 005 | 20250610104436.0 | ||
| 021 |
_aRU _b[70-67992] |
||
| 035 | _a(NLR Aleph) 007864308 | ||
| 090 |
_a7816679 _c7816679 |
||
| 100 | _a20130115d1970 |||y0rusy50 ca | ||
| 101 | 0 | _arus | |
| 102 | _aRU | ||
| 105 | _aa z ||||| | ||
| 200 | 1 |
_aСкладское металлоснабжение в СССР _e(Обзорная информация) _fГос. ком. Совета Министров СССР по матер.-техн. снабжению. Центр. науч.-исслед. ин-т информации и техн.-экон. исследований по матер.-техн. снабжению "ЦНИИТЭИМС" |
|
| 210 |
_aМосква _cБ. и. _d1970 |
||
| 215 |
_a52 с., 1 л. табл. _cил. _d21 |
||
| 225 | 1 |
_a[Складское хозяйство _hСерия II _iОрганизация складского хозяйства, механизация и автоматизация складских работ] |
|
| 300 | _aПеред загл. авт.: А.М. Агре, П.В. Бузылев, Н.Г. Каменева, Ю.В. Сирик | ||
| 532 | 1 | 2 | _aСкладское металлоснабжение в Союзе Советских Социалистических Республик |
| 606 |
_aСклады и базы металлопродукции _xОрганизация работы _2psbo |
||
| 606 |
_aЧерные металлы _xПоставки _2psbo |
||
| 701 | 1 |
_aКаменева _bН.Г. |
|
| 701 | 1 |
_aСирик _bЮ.В. |
|
| 701 | 1 |
_aБузылев _bП.В. |
|
| 701 | 1 |
_aАгре _bА.М. |
|
| 801 | 0 |
_aRU _bNLR _gpsbo |
|
| 801 | 1 |
_aRU _bELAR _2rusmarc |
|
| 852 |
_aNLR _j70-6/6751 |
||
| 942 | _cBOOK | ||
| 980 | _aNB | ||